[Event "TCh-NED 2005-6"]
[Site "Netherlands NED"]
[Date "2005.11.26"]
[Round "4"]
[White "Rietveld,R"]
[Black "Goormachtigh,J"]
[Result "1/2-1/2"]
[WhiteElo "2112"]
[BlackElo "2231"]

1.e4 c5 2.Nf3 e6 3.d4 cxd4 4.Nxd4 Nc6 5.Nc3 Qc7 6.g3 a6 7.Bg2 Nf6 8.O-O Nxd4
9.Qxd4 Bc5 10.Bf4 d6 11.Qd2 h6 12.Rad1 e5 13.Be3 Be6 14.Bxc5 dxc5 15.Nd5 Bxd5
16.exd5 Qd6 17.Rfe1 O-O 18.Re2 b5 19.Rde1 Rfe8 20.c4 bxc4 21.Qc3 e4 22.Qxc4 Rab8
23.Bxe4 Nxe4 24.Rxe4 Rxe4 25.Qxe4 Rxb2 26.Qe8+ Kh7 27.Qxf7 Rd2 28.Qf5+  1/2-1/2

[Event "WCC"]
[Site "Khanty Mansyisk RUS"]
[Date "2005.11.27"]
[Round "1.1"]
[White "Ye Jiangchuan"]
[Black "Xu Jun"]
[Result "0-1"]
[WhiteElo "2648"]
[BlackElo "2582"]

1.e4 c5 2.Nf3 e6 3.d4 cxd4 4.Nxd4 Nc6 5.Nc3 d6 6.Be2 Nf6 7.O-O Be7 8.Kh1 O-O
9.f4 Nxd4 10.Qxd4 b6 11.Qf2 Bb7 12.Bf3 Qc7 13.Be3 Rac8 14.Qg3 e5 15.Rad1 Kh8
16.Rfe1 Qb8 17.Qf2 Rfe8 18.Bc1 Bf8 19.fxe5 dxe5 20.Bg5 Be7 21.Bxf6 Bxf6 22.Nd5 Bxd5
23.exd5 Qd6 24.Be4 g6 25.Rd3 Be7 26.g4 Rf8 27.Rf3 Kg8 28.h4 Qd8 29.g5 f5
30.gxf6 Rxf6 31.Rf1 Rxf3 32.Qxf3 Bxh4 33.Qg4 Kg7 34.d6 Rc4 35.c3 Bg5 36.Rd1 Bf4
37.Bf3 h5 38.Qh3 e4 39.Bxh5 gxh5 40.Rg1+ Bg5 41.Qe6 Rc6 42.Qe5+ Kh6 43.d7 Rg6
44.Qe8 Qf6 45.Qxe4 Qd6 46.Qe8 Qd5+  0-1

[Event "WCC"]
[Site "Khanty Mansyisk RUS"]
[Date "2005.11.27"]
[Round "1.1"]
[White "Inarkiev,E"]
[Black "Khalifman,A"]
[Result "1/2-1/2"]
[WhiteElo "2577"]
[BlackElo "2653"]

1.e4 c5 2.Nf3 Nc6 3.d4 cxd4 4.Nxd4 e6 5.Nc3 Qc7 6.Be3 Nf6 7.f4 Bb4 8.Nb5 Qa5
9.e5 Ne4 10.Qd3 Nxc3 11.bxc3 Be7 12.g3 a6 13.Nd6+ Bxd6 14.exd6 b5 15.Bg2 Bb7
16.O-O Qa4 17.Bb6 O-O 18.Rfb1 Rac8 19.a3 e5 20.Re1 exf4 21.Re4 b4 22.gxf4 a5
23.f5 Ne5 24.Rxe5 Bxg2 25.Rxa5 Qc6 26.Bd4 Be4 27.Qg3 f6 28.axb4 Qc4 29.Re1 Rce8
30.Qf2 Ba8 31.Re7 Qc6 32.Qg3 Rxe7 33.dxe7 Re8 34.Ra1 Qh1+ 35.Kf2 Qxa1 36.Bxf6 g6
37.fxg6 h6 38.Qf4 Qa6 39.h4 h5 40.Ke1 Qe6+ 41.Kd2 Rxe7 42.Bxe7 Qxe7 43.Qb8+ Qf8
44.Qxf8+ Kxf8 45.Ke3 Kg7 46.Kd4 d6 47.c4 Kxg6 48.c5 dxc5+ 49.Kxc5 Kf5 50.Kb6 Kg4
51.c4 Kxh4 52.c5 Kg5 53.b5 Be4 54.c6 h4 55.c7 Bf5 56.Ka7 h3  1/2-1/2

[Event "WCC"]
[Site "Khanty Mansyisk RUS"]
[Date "2005.11.27"]
[Round "1.1"]
[White "Efimenko,Z"]
[Black "Macieja,B"]
[Result "1/2-1/2"]
[WhiteElo "2637"]
[BlackElo "2592"]

1.e4 c5 2.Nf3 Nc6 3.d4 cxd4 4.Nxd4 e6 5.Nc3 Qc7 6.Be2 a6 7.O-O Nf6 8.Be3 Be7
9.f4 d6 10.a4 O-O 11.Kh1 Re8 12.Qd2 Bd7 13.Nb3 Na5 14.Nxa5 Qxa5 15.Bf3 Rac8
16.Rfb1 Rc4 17.Be2 Rcc8 18.Bd3 Ng4 19.Bg1 Nf6 20.b4 Qc7 21.Rb3 e5 22.f5 g6
23.b5 axb5 24.Nxb5 Bxb5 25.Rxb5 d5 26.exd5 e4 27.Bf1 Qxc2 28.Qxc2 Rxc2 29.Rxb7 Nxd5
30.fxg6 hxg6 31.a5 e3 32.Bb5 Ra8 33.a6 Bf6 34.Rf1 Kg7 35.Rd7 Rc5 36.Bd3 Re8
37.a7 Nc7 38.h3 Na8 39.Rb7 Rcc8 40.g4 Rc7 41.Rb8 Rce7 42.Rfb1 Bd4 43.Rxe8 Rxe8
44.Rb7 Re5 45.Bc4 e2 46.Rxf7+ Kh6 47.Bxe2 Bxg1 48.Bf3 Re1 49.Kg2 Ra1 50.h4 g5
51.h5 Bd4 52.Bxa8 Rxa7 53.Rf8 Ra1 54.Rd8 Ra2+ 55.Kf3 Rf2+ 56.Kg3 Rf4 57.Bf3 Be5
58.Kf2 Bd4+ 59.Ke2 Bg7 60.Ke3 Rf8 61.Rd7 Rf4 62.Be2 Rf6 63.Bd3 Re6+ 64.Be4 Ra6
65.Bf5 Ra3+ 66.Ke4 Ra4+ 67.Kd3 Ra6 68.Kc4 Rc6+ 69.Kd5 Ra6 70.Bd3 Rb6 71.Rc7 Rf6
72.Rb7 Rf8 73.Bf5 Rf6 74.Be6 Bf8 75.Bf7 Bg7 76.Be6 Bf8 77.Ra7 Bg7 78.Kd6 Rf1
79.Bf5 Ra1 80.Rb7 Ra6+ 81.Ke7 Rf6 82.Be6 Bh8 83.Rb8 Bg7 84.Rc8 Rf3 85.Rc6 Rf6
86.Ra6 Bh8 87.Ra8 Bg7 88.Rb8 Rf2 89.Bf5 Rb2 90.Rc8 Rb6 91.Be6 Rb7+ 92.Bd7 Rb6
93.Bc6 Rb2 94.Be4 Rb6 95.Rc7 Rf6 96.Bf5 Rf8 97.Rc6+ Rf6 98.Be6 Bh8 99.Rc8 Bg7  1/2-1/2

[Event "WCC"]
[Site "Khanty Mansyisk RUS"]
[Date "2005.11.27"]
[Round "1.2"]
[White "Grischuk,A"]
[Black "Needleman,G"]
[Result "1-0"]
[WhiteElo "2720"]
[BlackElo "2381"]

1.e4 c5 2.Nf3 e6 3.d4 cxd4 4.Nxd4 Nc6 5.Nc3 Qc7 6.Be3 a6 7.Qd2 Nf6 8.O-O-O Ng4
9.Bf4 Nge5 10.Bg3 Nxd4 11.Qxd4 f6 12.f4 Bc5 13.Qd2 Nf7 14.e5 f5 15.Bf2 Bxf2
16.Qxf2 b5 17.g4 fxg4 18.h3 Bb7 19.Bg2 g3 20.Qxg3 b4 21.Ne2 g5 22.Bxb7 Qxb7
23.Nd4 Qe4 24.f5 Qxe5 25.Qxe5 Nxe5 26.Rhe1 d6 27.Nxe6 Ke7 28.Nxg5 Rhf8 29.Ne4 Rxf5
30.Nxd6  1-0

[Event "18th Belgrade Trophy"]
[Site "Obrenovac SCG"]
[Date "2005.11.27"]
[Round "6"]
[White "Kojovic,D"]
[Black "Antic,De"]
[Result "1-0"]
[WhiteElo "2313"]
[BlackElo "2519"]

1.e4 c5 2.Nf3 e6 3.d4 cxd4 4.Nxd4 Nc6 5.Nc3 a6 6.Be2 d6 7.Be3 Nf6 8.O-O Be7
9.f4 O-O 10.Qe1 Bd7 11.Nb3 b5 12.a3 Qb8 13.Rd1 b4 14.axb4 Nxb4 15.Qd2 Rc8
16.Bf3 e5 17.Ra1 Be6 18.Na5 Bd8 19.f5 Bd7 20.Kh1 Bb6 21.Bg5 Ne8 22.Be2 Qc7
23.Nc4 Bd4 24.Ra3 Rab8 25.Nd1 Bb5 26.b3 f6 27.Be3 Nc6 28.Nc3 Bxe3 29.Qxe3 Nd4
30.Bd3 Qd8 31.Ra2 Nc7 32.Na4 Qe7 33.h3 Rd8 34.Ncb6 Bxa4 35.Bc4+ Kh8 36.Nxa4 d5
37.exd5 Nxd5 38.Qe4 Nb4 39.Rb2 Nb5 40.c3  1-0

[Event "18th Belgrade Trophy"]
[Site "Obrenovac SCG"]
[Date "2005.11.27"]
[Round "6"]
[White "Radivojevic,Mila"]
[Black "Urosevic,M"]
[Result "1-0"]
[WhiteElo "2172"]
[BlackElo "2075"]

1.e4 c5 2.Nf3 e6 3.d4 cxd4 4.Nxd4 Nc6 5.Nc3 a6 6.Be2 Qc7 7.Be3 Nf6 8.Qd2 Bb4
9.f3 b5 10.O-O Bb7 11.Rf2 Be7 12.Kh1 h5 13.Bf4 Ne5 14.Bxb5 axb5 15.Ndxb5 Qb8
16.Qd4 d6 17.Nxd6+ Qxd6 18.Bxe5 Qxd4 19.Bxd4 O-O 20.a4 Bc6 21.b3 Nd7 22.Ne2 Rfb8
23.Nc1 Nc5 24.Kg1 f6 25.Kf1 e5 26.Bc3 Ne6 27.Rd2 Kf7 28.Nd3 Nd4 29.Bxd4 exd4
30.Rad1 Bd6 31.g3 h4 32.Kg2 hxg3 33.hxg3 g5 34.Nc1 g4 35.Rxd4 gxf3+ 36.Kxf3 Be5
37.Rc4 Rc8 38.Nd3 Bb8 39.Nb4 Rg8 40.Rxc6 Rxg3+ 41.Kf2 Be5 42.Rd7+ Kg6 43.Nd3 Bb8
44.e5  1-0

[Event "18th Belgrade Trophy"]
[Site "Obrenovac SCG"]
[Date "2005.11.29"]
[Round "8"]
[White "Petrik,T"]
[Black "Cvetkovic,Sr"]
[Result "1/2-1/2"]
[WhiteElo "2473"]
[BlackElo "2408"]

1.e4 c5 2.Nf3 e6 3.d4 cxd4 4.Nxd4 Nc6 5.Nc3 a6 6.Be2 Nge7 7.Bf4 Ng6 8.Bg3 Be7
9.O-O O-O 10.Qd2 d6 11.Rad1 Nxd4 12.Qxd4 e5 13.Qd2 Be6 14.Nd5 Rc8 15.c4 Rc6
16.Qb4 Bxd5 17.Rxd5 Qc7 18.Rfd1 b6 19.b3 Rb8 20.Bh5 Rc5 21.Bxg6 hxg6 22.f4 b5
23.fxe5 bxc4 24.Rxc5 Qxc5+ 25.Qxc5 dxc5 26.e6 Rb6 27.exf7+ Kxf7 28.bxc4 Rb4
29.Rd7 Ke6 30.Rc7 Rxc4 31.Rc6+ Kf7 32.e5 Ra4 33.Kf2 Rxa2+ 34.Kf3 Ra4 35.h4 Bxh4
36.e6+ Ke7 37.Bxh4+ Rxh4 38.Rxa6 Rc4 39.Rc6 Rc1 40.Ke4 c4 41.Ke5 Re1+ 42.Kd5 Rd1+
43.Ke5 Re1+ 44.Kd4 Rd1+ 45.Ke5 Re1+  1/2-1/2

[Event "ch-ROM"]
[Site "Baile Tusnad ROM"]
[Date "2005.11.30"]
[Round "5"]
[White "Manea,A"]
[Black "Ionescu,M"]
[Result "0-1"]
[WhiteElo "2307"]
[BlackElo "2389"]

1.e4 c5 2.Nf3 e6 3.Nc3 Nc6 4.d4 cxd4 5.Nxd4 Nf6 6.Ndb5 d6 7.Bf4 e5 8.Bg5 a6
9.Na3 b5 10.Nd5 Be7 11.Bxf6 Bxf6 12.c3 O-O 13.Nc2 Bg5 14.a4 bxa4 15.Rxa4 a5
16.Bc4 Rb8 17.b3 Kh8 18.Nce3 g6 19.h4 Bxh4 20.g3 Bf6 21.f4 exf4 22.gxf4 Bg7
23.Ra2 Re8 24.Rah2 h6 25.Qc2 Kg8 26.Kd1 Ne7 27.f5 Nxd5 28.Nxd5 gxf5 29.exf5 Re5
30.Rh5 Bb7 31.Qg2 Bxd5 32.Bxd5 Qf6 33.R1h3 Rbe8 34.Rd3 Re1+ 35.Kd2 Qe5 36.Bf3 Qf4+  0-1

[Event "48th It"]
[Site "Reggio Emilia ITA"]
[Date "2005.12.03"]
[Round "6"]
[White "Landa,K"]
[Black "Piscopo,P"]
[Result "1-0"]
[WhiteElo "2600"]
[BlackElo "2399"]

1.e4 c5 2.Nc3 Nc6 3.Nf3 e6 4.d4 cxd4 5.Nxd4 Nf6 6.Nxc6 bxc6 7.e5 Nd5 8.Ne4 Qc7
9.f4 Rb8 10.Bd3 c5 11.Qe2 Be7 12.O-O Bb7 13.b3 f5 14.exf6 Nxf6 15.Bb2 c4
16.Nxf6+ gxf6 17.Bxc4 Rg8 18.Rf3 Bc5+ 19.Kh1 Ke7 20.f5 e5 21.Bxg8 Rxg8 22.c4 Rg4
23.Rg3 Rxg3 24.hxg3 Qc6 25.Rd1 Qe4 26.Qxe4 Bxe4 27.g4 h5 28.Re1 Bd3 29.Bxe5  1-0

[Event "Stone Flower"]
[Site "Nishnij Tagil RUS"]
[Date "2005.12.08"]
[Round "3"]
[White "Geller,J"]
[Black "Maletin,P"]
[Result "0-1"]
[WhiteElo "2490"]
[BlackElo "2516"]

1.e4 c5 2.Nf3 Nc6 3.Nc3 e6 4.d4 cxd4 5.Nxd4 Qc7 6.Be2 a6 7.O-O Nf6 8.Be3 Be7
9.f4 d6 10.a4 O-O 11.Kh1 Re8 12.Bd3 Nb4 13.a5 Bd7 14.Qe1 Bc6 15.Qg3 Nxd3
16.cxd3 Rac8 17.f5 e5 18.Nxc6 bxc6 19.d4 Bd8 20.dxe5 dxe5 21.Bh6 g6 22.Qh3 Rb8
23.Rad1 Rxb2 24.Bg5 Nh5 25.fxg6 hxg6 26.Rd7 Qb8 27.Bxd8 Rxd8 28.Rdxf7 Qb3
29.Rd7 Rf8 30.Rxf8+ Kxf8 31.Qd3 Kg8 32.Re7 Ng7 33.h3 Qc2 34.Qg3 Kh7 35.Kh2 Qd2
36.Na4 Rc2 37.Nb6 Kh6 38.Rxe5 Nh5 39.Qg4 Qe3 40.Rxh5+ gxh5 41.Qe6+ Kg5 42.Qe5+ Kh6
43.Qf6+ Kh7 44.Qf7+ Kh6 45.Qf6+ Kh7 46.Qf5+ Kh6 47.Qe6+ Kh7 48.Qd7+ Kh6 49.Qd6+ Kg5
50.Qe5+ Kh4 51.Qf6+ Qg5 52.Qf1 Qg3+ 53.Kg1 Qe3+ 54.Kh2 Rf2 55.Qg1 Qf4+  0-1

[Event "Bundesliga 2005-6"]
[Site "Godesberg GER"]
[Date "2005.12.10"]
[Round "5"]
[White "Balcerak,P"]
[Black "Rudolf,Hen"]
[Result "1/2-1/2"]
[WhiteElo "2231"]
[BlackElo "2346"]

1.e4 c5 2.Nf3 e6 3.d4 cxd4 4.Nxd4 Nc6 5.Nc3 Qc7 6.Be2 Nf6 7.O-O a6 8.Kh1 Nxd4
9.Qxd4 Bc5 10.Qd3 b5 11.f4 h5 12.Bf3 Bb7 13.e5 Ng4 14.Bxb7 Qxb7 15.Ne4 Rc8
16.a4 b4 17.c4 bxc3 18.bxc3 O-O 19.Qf3 Qb3 20.h3 Nh6 21.Qxh5 Be7 22.Be3 Qc2
23.Qf3 Rc4 24.Bd4 Nf5 25.Ng3 Nxd4 26.cxd4  1/2-1/2

[Event "Bundesliga 2005-6"]
[Site "Solingen GER"]
[Date "2005.12.10"]
[Round "5"]
[White "Macieja,B"]
[Black "Sokolov,And1"]
[Result "1/2-1/2"]
[WhiteElo "2592"]
[BlackElo "2623"]

1.e4 c5 2.Nf3 e6 3.d4 cxd4 4.Nxd4 Nc6 5.Nc3 d6 6.Be3 Nf6 7.Bc4 a6 8.Qe2 Qc7
9.Bb3 Na5 10.g4 h5 11.g5 Ng4 12.f4 Nxe3 13.Qxe3 Nxb3 14.axb3 Bd7 15.O-O-O Qc5
16.e5 d5 17.g6 fxg6 18.Rhg1 Rh6 19.Qd3 Qe7 20.Rxg6 Qf7 21.f5 Rxg6 22.fxg6 Qf4+
23.Qd2 Qxd2+ 24.Kxd2 Bc5 25.Nce2 Ke7 26.Rf1 Be8 27.Rg1 Bd7 28.Rf1 Be8 29.Rg1 Bd7
30.Rf1 Be8  1/2-1/2

[Event "Bundesliga 2005-6"]
[Site "Hamburg GER"]
[Date "2005.12.11"]
[Round "6"]
[White "Heinemann,T"]
[Black "Schoeneberg,M"]
[Result "1-0"]
[WhiteElo "2441"]
[BlackElo "2322"]

1.e4 c5 2.Nf3 e6 3.d4 cxd4 4.Nxd4 Nc6 5.Nc3 d6 6.g3 Nf6 7.Bg2 Be7 8.Nxc6 bxc6
9.e5 Nd5 10.exd6 Bxd6 11.Ne4 Ba6 12.Bf1 Bxf1 13.Nxd6+ Qxd6 14.Kxf1 Rd8 15.Kg2 Qc5
16.Qe2 O-O 17.c4 Ne7 18.Be3 Qe5 19.Rhe1 a6 20.Bb6 Qxe2 21.Rxe2 Rd7 22.Rc1 Rb8
23.Bc5 Nf5 24.Rc3 h5 25.Ra3 Ra8 26.h3 Rd1 27.Ra5 g5 28.f3 Rd3 29.Bf2 Kf8
30.g4 hxg4 31.hxg4 Nh4+ 32.Bxh4 gxh4 33.Rf2 Ke7 34.Kh3 Kd6 35.Kxh4 c5 36.Kg3 Kc6
37.Re2 Kb6 38.Ra4 a5 39.Rh2 Rad8 40.Rh7 R8d7 41.Ra3 Rxa3 42.bxa3 Kc6 43.g5 Rd4
44.Rxf7 Rxc4 45.g6 Rc1 46.Kg2 Rc2+ 47.Kh3 Rc1 48.Rf4 Rh1+ 49.Kg4 e5 50.Re4 Rg1+
51.Kf5 Rg3 52.Rg4 Rxf3+ 53.Kxe5 Re3+ 54.Kf5 Rf3+ 55.Ke4 Rf8 56.g7 Rg8 57.Ke5 Re8+
58.Kf6 Kd5 59.g8=Q+  1-0

[Event "Bundesliga 2005-6"]
[Site "Solingen GER"]
[Date "2005.12.11"]
[Round "6"]
[White "Baramidze,D"]
[Black "Ribli,Z"]
[Result "1/2-1/2"]
[WhiteElo "2542"]
[BlackElo "2585"]

1.e4 c5 2.Nf3 e6 3.d4 cxd4 4.Nxd4 Nc6 5.Nc3 Qc7 6.Be2 a6 7.Be3 Nf6 8.a3 b5
9.Nxc6 dxc6 10.f4 Bb7 11.O-O Be7 12.f5 Bd6 13.fxe6 O-O-O 14.Kh1 Bxh2 15.Bd3 fxe6
16.Qf3 Qg3 17.Ne2 Qh4 18.Ng1 Ng4 19.Nh3 h6 20.Bb6 Bc7 21.Bxc7 Kxc7 22.Be2 Nf6
23.Qc3 Qxe4 24.Qg3+ Kb6 25.Rae1 Qd4  1/2-1/2

[Event "12th Open"]
[Site "Zadar CRO"]
[Date "2005.12.13"]
[Round "3"]
[White "Kutuzovic,B"]
[Black "Lukin,A"]
[Result "1/2-1/2"]
[WhiteElo "2327"]
[BlackElo "2417"]

1.e4 c5 2.Nf3 Nc6 3.d4 cxd4 4.Nxd4 e6 5.Nc3 a6 6.Nxc6 bxc6 7.Bd3 d5 8.O-O Nf6
9.Qe2 Be7 10.b3 O-O 11.Bb2 Nd7 12.Na4  1/2-1/2

[Event "12th Women"]
[Site "Zadar CRO"]
[Date "2005.12.14"]
[Round "4"]
[White "Solic,K"]
[Black "Randjelovic,D1"]
[Result "1-0"]
[WhiteElo "2162"]
[BlackElo "2076"]

1.e4 c5 2.Nf3 e6 3.d4 cxd4 4.Nxd4 Nc6 5.Nc3 Qc7 6.Ndb5 Qb8 7.Be3 a6 8.Bb6 axb5
9.Nxb5 Bb4+ 10.c3 Ba5 11.Nc7+ Qxc7 12.Bxc7 Bxc7 13.Qg4 g6 14.Bb5 Nge7 15.O-O O-O
16.Qe2 d5 17.a3 d4 18.Qc4 dxc3 19.bxc3 e5 20.a4 Be6 21.Qc5 b6 22.Qa3 f5 23.exf5 Rxf5
24.Rad1 e4 25.Qb2 Rh5 26.h3 Rf8 27.Rfe1 Rf4 28.Qe2 Ne5 29.Qd2 Rfh4 30.Be2 Rh6
31.Qg5 Nd5 32.Rxd5 Bxd5 33.Qe7 e3 34.Qxc7 exf2+ 35.Kxf2 Nf7 36.Bg4 g5 37.c4 Bc6
38.Kg3 Rf6 39.Qc8+ Kg7 40.Re6 Rhh6 41.Qxc6 Rxe6 42.Bxe6 Rf6 43.Qxb6 h5 44.Qd4 h4+
45.Kh2 Nh6 46.a5 Kg6 47.Qe4+ Kg7 48.a6  1-0

[Event "12th Open"]
[Site "Zadar CRO"]
[Date "2005.12.15"]
[Round "5"]
[White "Armanda,I"]
[Black "Brulic,D"]
[Result "0-1"]
[WhiteElo "2343"]
[BlackElo "2247"]

1.e4 c5 2.Nf3 e6 3.d4 cxd4 4.Nxd4 Nc6 5.Nc3 Qc7 6.Be2 Nf6 7.O-O a6 8.Be3 Bb4
9.Na4 Be7 10.Nxc6 bxc6 11.c4 c5 12.f4 Nxe4 13.f5 Bd6 14.Rf3 Bxh2+ 15.Kh1 Bb7
16.Rh3 Bf4 17.Qg1 Ng3+ 18.Rxg3 Bxg3 19.fxe6 Qd8 20.exf7+ Kf8 21.Bxc5+ d6
22.Qd4 dxc5 23.Qxc5+ Qe7 24.Rf1 Rc8 25.Qxe7+ Kxe7 26.b4 Rc6 27.Nc5 Rh6+ 28.Kg1 Bh2+
29.Kf2 Rf6+ 30.Bf3 Bxf3 31.gxf3 Rc8 32.f8=Q+ Rcxf8 33.Re1+ Kf7 34.Nd7 Re8
35.Rxe8 Kxe8 36.Nxf6+ gxf6 37.a4 Bd6 38.b5 Bc5+ 39.Kg3 a5 40.Kg4 Ke7 41.Kf5 Bb6
42.Kg4 Ke6 43.Kh5 Ke5 44.Kh6 Kf4 45.Kxh7 Kxf3 46.Kg6 Ke4 47.Kxf6 Kd4 48.Ke6 Kxc4
49.Kd6 Kb4 50.Kc6 Be3  0-1

[Event "12th Open"]
[Site "Zadar CRO"]
[Date "2005.12.15"]
[Round "6"]
[White "Sakelsek,T"]
[Black "Rezan,S"]
[Result "1/2-1/2"]
[WhiteElo "2404"]
[BlackElo "2421"]

1.e4 c5 2.Nf3 e6 3.d4 cxd4 4.Nxd4 Nc6 5.Nc3 a6 6.Be3 Nf6 7.Bd3 Qc7 8.O-O Nxd4
9.Bxd4 Bc5 10.Bxc5 Qxc5 11.Qe2 d6 12.Kh1 O-O 13.Rae1 e5 14.Bc4  1/2-1/2

[Event "12th Women"]
[Site "Zadar CRO"]
[Date "2005.12.15"]
[Round "6"]
[White "Solic,K"]
[Black "Djingarova,E"]
[Result "0-1"]
[WhiteElo "2162"]
[BlackElo "2358"]

1.e4 c5 2.Nf3 e6 3.d4 cxd4 4.Nxd4 Nc6 5.Nc3 Qc7 6.Be2 a6 7.O-O Nf6 8.Be3 Bb4
9.Na4 Be7 10.Nxc6 bxc6 11.Nb6 Rb8 12.Nxc8 Qxc8 13.e5 Nd5 14.Bc1 Qc7 15.c4 Nb6
16.Qd4 c5 17.Qe4 O-O 18.Bd3 g6 19.Bf4 d5 20.exd6 Bxd6 21.Bxd6 Qxd6 22.Rfd1 Qc7
23.b3 Nc8 24.Be2 Ne7 25.Rab1 Nc6 26.a3 a5 27.Bf1 Rfd8 28.Rxd8+ Rxd8 29.Qe3 Qd6
30.h3 Rb8 31.Qc3 Qc7 32.Be2 Qe5 33.Qxe5 Nxe5 34.Kf1 Nc6 35.Ke1 a4 36.Bd1 Na5
37.b4 Nxc4 38.Rc1 Nb2 39.Kd2 Nxd1 40.Rxd1 cxb4 41.axb4 Rxb4 42.Kc3 Rf4 43.f3 h5
44.Rd3 h4 45.Rd7 Kg7 46.Ra7 Kf6 47.Kd3 e5 48.Ra6+ Kf5 49.Ra7 f6 50.Ra6 g5
51.Kc3 Rd4 52.Rb6 Rd1 53.Rb2 Rd6 54.Ra2 Rd4 55.Rb2 a3  0-1

[Event "TCh-NED 2005-6"]
[Site "Netherlands NED"]
[Date "2005.12.17"]
[Round "5"]
[White "Bierenbroodspot,P"]
[Black "Van den Doel,E"]
[Result "0-1"]
[WhiteElo "2282"]
[BlackElo "2582"]

1.e4 c5 2.Nf3 e6 3.d4 cxd4 4.Nxd4 Nc6 5.Nc3 d6 6.Be3 Nf6 7.Be2 Be7 8.O-O O-O
9.f4 a6 10.a4 Qc7 11.Nb3 b6 12.Bf3 Bb7 13.Qe1 Rfe8 14.Qg3 Nd7 15.Rad1 Bf6
16.Rd2 Rad8 17.Rfd1 Be7 18.Qh3 Nc5 19.f5 Bf6 20.fxe6 fxe6 21.a5 Nxa5 22.Nxa5 bxa5
23.Qg3 Be5 24.Qf2 Rf8 25.Qh4 a4 26.Ra1 Rb8 27.Nd1 Kh8 28.Re2 d5 29.exd5 Bxd5
30.Bxd5 exd5 31.c3 Nb3 32.Rxa4 Bxh2+ 33.Qxh2 Rf1+ 34.Kxf1 Qxh2 35.Rxa6 h6
36.Rf2 Re8 37.Ke2 Qh5+ 38.Rf3 d4 39.Rb6 dxe3 40.Rxb3 Qd5  0-1

[Event "ch-Marshall CC"]
[Site "New York USA"]
[Date "2005.12.17"]
[Round "6"]
[White "Schneider,Ig"]
[Black "Bercys,S"]
[Result "1-0"]
[WhiteElo "2350"]
[BlackElo "2359"]

1.e4 c5 2.Nc3 Nc6 3.Nf3 e6 4.d4 cxd4 5.Nxd4 Qc7 6.Be3 a6 7.Qd2 Nf6 8.O-O-O Bb4
9.f3 b5 10.Kb1 Be7 11.Nb3 d6 12.Qf2 Rb8 13.g4 Ne5 14.g5 Nfd7 15.Rg1 Nc4 16.Ba7 Rb7
17.Bd4 Bf8 18.f4 Ndb6 19.e5 d5 20.Bxc4 bxc4 21.Nc5 Rb8 22.h4 g6 23.h5 Qc6
24.Rh1 Rg8 25.Ka1 Rg7 26.Rh3 Qc7 27.hxg6 fxg6 28.Rdh1 Rf7 29.Nd1 a5 30.Nc3 Na8
31.a4  1-0

[Event "ch-Marshall CC"]
[Site "New York USA"]
[Date "2005.12.17"]
[Round "7"]
[White "Molner,M"]
[Black "Rohde,M"]
[Result "1-0"]
[WhiteElo "2241"]
[BlackElo "2512"]

1.e4 c5 2.Nf3 e6 3.d4 cxd4 4.Nxd4 Nc6 5.Nc3 Qc7 6.Be3 a6 7.Qd2 Nf6 8.f3 Bb4
9.g4 h6 10.a3 Be7 11.O-O-O b5 12.Qf2 Bb7 13.Nxc6 Bxc6 14.h4 b4 15.axb4 Bxb4
16.Na2 Bd6 17.Kb1 a5 18.Bb6 Qb8 19.Rg1 Be5 20.Bd4 Ke7 21.g5 Nh5 22.gxh6 gxh6
23.Bc3 Bxc3 24.Nxc3 Qe5 25.Nd5+ Bxd5 26.exd5 Rhb8 27.Qc5+ d6 28.Qa3 Rb4 29.c3 Rxh4
30.dxe6 fxe6 31.Qb3 Rd8 32.Qc2 Ng7 33.Bd3 Kf8 34.Rde1 Qh5 35.Bg6 Qc5 36.f4 Rb8
37.f5 exf5 38.Rgf1 f4 39.Qd2 Kg8 40.Rxf4 Qg5 41.Ref1 Kh8 42.Bf7 Nf5 43.Be6 Rxf4
44.Rxf4 Ng7 45.Qxd6 Qd8 46.Bd7 Kh7 47.Rf6 h5 48.Rh6+ Kg8 49.Qd5+ Kf8 50.Rh8+ Ke7
51.Rxd8 Rxd8 52.Qe5+ Kf7 53.Ba4 h4 54.Qf4+ Kg6 55.Qxh4 Rf8 56.Bc2+ Kf7 57.Qf4+ Kg8
58.Qe5 Rf1+ 59.Ka2 Rf8 60.Qxa5 Re8 61.b4 Kf8 62.b5 Ne6 63.Qb4+ Kg7 64.Bb3 Ng5
65.b6  1-0

[Event "5th Amplico AIG Life"]
[Site "Warsaw POL"]
[Date "2005.12.17"]
[Round "3"]
[White "Zezulkin,J"]
[Black "Warszawski,B"]
[Result "1-0"]
[WhiteElo "2494"]
[BlackElo "2321"]

1.e4 c5 2.Nc3 e6 3.Nf3 Nc6 4.d4 cxd4 5.Nxd4 Qc7 6.Be3 a6 7.Bd3 Nf6 8.O-O b5
9.Re1 Bb7 10.a3 Be7 11.Qf3 O-O 12.Qh3 d6  1-0

[Event "5th Amplico AIG Life"]
[Site "Warsaw POL"]
[Date "2005.12.17"]
[Round "7"]
[White "Socko,B"]
[Black "Macieja,B"]
[Result "1-0"]
[WhiteElo "2610"]
[BlackElo "2592"]

1.e4 c5 2.Nf3 e6 3.d4 cxd4 4.Nxd4 Nc6 5.Nc3 Qc7 6.Be3 a6 7.a3 b5 8.Be2 Bb7
9.O-O Nf6 10.f4 d6 11.g4 Nxd4 12.Qxd4 e5 13.Qd3 exf4 14.Bxf4 Nd7 15.Nd5 Bxd5
16.Qxd5 Qc5+ 17.Qxc5 Nxc5 18.c4 Rb8 19.cxb5 axb5 20.Rad1 Rb6 21.e5 dxe5 22.Bxe5 Ne6
23.Rd5 Bc5+ 24.Rxc5 Nxc5 25.Bd4 Re6 26.Bxb5+ Nd7 27.Bxg7 Rg8 28.Rd1  1-0

[Event "ch-Marshall CC"]
[Site "New York USA"]
[Date "2005.12.18"]
[Round "8"]
[White "De Firmian,N"]
[Black "Bercys,S"]
[Result "1-0"]
[WhiteElo "2552"]
[BlackElo "2359"]

1.e4 c5 2.Nf3 e6 3.Nc3 Nc6 4.d4 cxd4 5.Nxd4 Qc7 6.Be2 a6 7.O-O Nf6 8.Kh1 b5
9.Nxc6 dxc6 10.Qd3 Bb7 11.Bg5 h6 12.Bxf6 gxf6 13.Bh5 Bd6 14.Qe3 O-O-O 15.a4 Be5
16.Ne2 Bxb2 17.Rab1 Be5 18.f4 Bd6 19.e5 fxe5 20.fxe5 Bxe5 21.Rxf7 Qd6 22.Bf3 Rhf8
23.Rxf8 Rxf8 24.axb5 cxb5 25.Bxb7+ Kxb7 26.c4 Rc8 27.cxb5 a5 28.b6 Qc5 29.Qe4+ Ka6
30.Qd3+ Qc4 31.b7 Rc6 32.Qd8  1-0

[Event "5th Amplico AIG Life"]
[Site "Warsaw POL"]
[Date "2005.12.18"]
[Round "11"]
[White "Hunt,H"]
[Black "Grycel,K"]
[Result "1-0"]
[WhiteElo "2422"]
[BlackElo "2282"]

1.e4 c5 2.Nf3 e6 3.d4 cxd4 4.Nxd4 Nc6 5.Nc3 Qc7 6.Be2 a6 7.O-O Nf6 8.Kh1 Bb4
9.Nxc6 Qxc6 10.e5 Ne4 11.Nxe4 Qxe4 12.f4 f5 13.exf6 gxf6 14.a4 O-O 15.f5 Be7
16.Bh6 Qh4 17.Bh5 e5 18.Bxf8 Kxf8 19.Bf3 a5 20.Qd2 Ra6 21.Rae1 h6 22.Qc3 Rc6
23.Qxa5 Qc4 24.c3 Rc5 25.Qa8 Kg7 26.Bxb7 d5 27.a5 Bd7 28.Rf3 Kh7 29.Rg3 d4
30.cxd4 Rc7 31.Bd5 Rc8 32.Bxc4 Rxa8 33.a6 Bd6 34.Rg6 Bb4 35.Rd1 Bxf5 36.Rxf6 Bc2
37.Rdf1 exd4 38.Rf7+ Kg6 39.Rd7 d3 40.Bxd3+ Bxd3 41.Rxd3 Rxa6 42.g3 Rb6 43.Rb3  1-0

[Event "21st Winter Open"]
[Site "Nice FRA"]
[Date "2005.12.26"]
[Round "1"]
[White "Dunis,A"]
[Black "Rosin,F"]
[Result "1-0"]
[WhiteElo "2534"]
[BlackElo "2143"]

1.e4 c5 2.Nc3 e6 3.Nf3 Nc6 4.d4 cxd4 5.Nxd4 Nf6 6.Ndb5 Bb4 7.a3 Bxc3+ 8.Nxc3 d5
9.exd5 exd5 10.Bd3 O-O 11.O-O d4 12.Ne2 Bg4 13.Bg5 Qd6 14.Qd2 Rfe8 15.Rfe1 Bh5
16.Qf4 Rad8 17.Qxd6 Rxd6 18.Nf4 Bg6 19.Rxe8+ Nxe8 20.Re1 Nf6 21.Nxg6 hxg6
22.Kf1 Kf8 23.Bd2 a6 24.Bc4 Nd5 25.Re4 Nf6 26.Rh4 Kg8 27.Bf4 Rd7 28.Rh3 Nd5
29.Bd2 Nf6 30.Be1 Ne5 31.Be2 Nc6 32.Rd3 Kf8 33.g3 Ke8 34.c3 Ke7 35.cxd4 Rxd4
36.Bc3 Rxd3 37.Bxd3 Kd7 38.h4 Kd6 39.Bc4 Ke7 40.Ke2 Nd8 41.Bb4+ Kd7 42.Bc3 Kd6
43.f4 Nh5 44.Kf3 f5 45.g4 fxg4+ 46.Kxg4 Nc6 47.Bd3 Ne7 48.Kg5 Ke6 49.f5+  1-0

[Event "Harmonie Invitation"]
[Site "Groningen NED"]
[Date "2005.12.28"]
[Round "6"]
[White "Ris,R"]
[Black "Michielsen,J"]
[Result "0-1"]
[WhiteElo "2337"]
[BlackElo "2362"]

1.e4 c5 2.Nf3 e6 3.d4 cxd4 4.Nxd4 Nc6 5.Nc3 Qc7 6.Be3 a6 7.Qd2 Nf6 8.O-O-O Bb4
9.f3 Ne5 10.Nb3 b5 11.Kb1 Be7 12.Qf2 d6 13.g4 O-O 14.Rg1 Bb7 15.Bb6 Qb8 16.g5 Nfd7
17.Bd4 b4 18.Ne2 Rc8 19.Ng3 a5 20.f4 a4 21.Nc1 Nc6 22.g6 hxg6 23.f5 Nxd4
24.fxg6 fxg6 25.Qxd4 Qc7 26.Bd3 a3 27.Nh5 Nf6 28.Nxf6+ Bxf6 29.e5 Bxe5 30.Qg4 axb2
31.Nb3 Rxa2 32.Qxe6+ Qf7 33.Qxf7+ Kxf7 34.Kxa2 Ra8+ 35.Na5 Bd5+ 36.c4 bxc3
37.Kb1 Rxa5  0-1

[Event "Czech Chess Christmas"]
[Site "Litomysl CZE"]
[Date "2005.12.28"]
[Round "4"]
[White "Moldovan,D"]
[Black "Plischki,S"]
[Result "1-0"]
[WhiteElo "2425"]
[BlackElo "2369"]

1.e4 c5 2.Nf3 Nc6 3.d4 cxd4 4.Nxd4 e6 5.Nc3 Qc7 6.Be2 a6 7.f4 b5 8.Nxc6 Qxc6
9.Bf3 Bb7 10.Be3 b4 11.e5 Qc7 12.Ne4 Nh6 13.O-O Nf5 14.Bf2 h5 15.c3 bxc3
16.Rc1 Rc8 17.Rxc3 Qb8 18.Rb3  1-0

[Event "ch-RUS Superfinal"]
[Site "Moscow RUS"]
[Date "2005.12.28"]
[Round "9"]
[White "Khalifman,A"]
[Black "Rublevsky,S"]
[Result "1/2-1/2"]
[WhiteElo "2653"]
[BlackElo "2652"]

1.e4 c5 2.Nf3 e6 3.d4 cxd4 4.Nxd4 Nc6 5.Nc3 a6 6.Be3 Nf6 7.f4 Bb4 8.Bd3 Qb6
9.O-O Bc5 10.Na4 Bxd4 11.Nxb6 Bxe3+ 12.Kh1 Bxb6 13.e5 Nd5 14.Qe1  1/2-1/2

[Event "Xstrata ch-AUS 2006"]
[Site "Brisbane AUS"]
[Date "2005.12.29"]
[Round "2"]
[White "Rogers,I"]
[Black "Bjelobrk,I"]
[Result "1-0"]
[WhiteElo "2556"]
[BlackElo "2399"]

1.e4 e6 2.d4 c5 3.Nf3 cxd4 4.Nxd4 Nc6 5.Nc3 Qc7 6.Be3 a6 7.Qd2 Nf6 8.O-O-O Bb4
9.f3 O-O 10.g4 b5 11.g5 Nh5 12.Kb1 Ne5 13.Be2 Rb8 14.f4 Nc4 15.Bxc4 bxc4
16.Nde2 Rd8 17.Bd4 Bb7 18.Qe3 Bc6 19.Ka1 d6 20.Rhf1 Qb7 21.Rb1 Re8 22.e5 Rbd8
23.Ng3 Nxg3 24.hxg3 dxe5 25.Bxe5 Rd7 26.Rf2 Red8 27.Rh2 Bf3 28.a3 Bf8 29.Qf2 Qc6
30.Ka2 Bc5 31.Qf1 Rd2 32.Rxd2 Rxd2 33.Qxc4 Rxc2 34.Ka1 Rd2 35.Rc1 Bxa3 36.Nb1 Bc5
37.Nxd2 Bd5 38.Qxc5  1-0